Statistics for Musicians Who Died Young

Click here to take the quiz!

General Stats

  • This quiz has been taken 36,198 times
  • The average score is 11 of 21

Answer Stats

AgeTime and PlaceHowSongMusician% Correct
272011, LondonAlcohol poisoningRehabAmy Winehouse
91%
451991, LondonAIDS complicationsBohemian RhapsodyFreddie Mercury
88%
401980, New YorkShot by Mark David ChapmanImagineJohn Lennon
88%
421977, MemphisHeart attackHound DogElvis Presley
84%
271994, SeattleSuicideHeart-Shaped BoxKurt Cobain
81%
251996, Las VegasDrive-by shootingCalifornia LoveTupac Shakur
79%
271970, LondonAsphyxiation after taking sleeping pillsPurple HazeJimi Hendrix
71%
241997, Los AngelesDrive-by shootingReady to DieThe Notorious B.I.G.
61%
441984, Los AngelesShot by fatherSexual HealingMarvin Gaye
60%
351791, ViennaFeverRequiemWolfgang Amadeus
Mozart
55%
221959, IowaPlane crashPeggy SueBuddy Holly
53%
271971, ParisProbable heroin overdoseThe EndJim Morrison
50%
271970, Los AngelesHeroin overdosePiece of My HeartJanis Joplin
50%
211979, LondonHeroin overdose, possibly murderAnarchy in the U.K.Sid Vicious
44%
171959, IowaPlane crashLa BambaRitchie Valens
36%
231995, TexasShot by fan club presidentAmor ProhibidoSelena
33%
281959, IowaPlane crashChantilly LaceThe Big Bopper
32%
351990, WisconsinHelicopter crashTexas FloodStevie Ray Vaughan
21%
331980, LondonAlcohol poisoningLet There be RockBon Scott
20%
291953, West VirginiaDrug and alcohol complicationsYour Cheatin' HeartHank Williams
19%
261967, WisconsinPlane crashRespectOtis Redding
17%

Score Distribution

Percentile by Number Answered

Percent of People with Each Score

Your Score History

You have not taken this quiz